00237nam a2200085Ia 4500008004100000100002100041245003000062260005000092300000900142190216s9999||||xx |||||||||||||| ||und|| aTata Mcgraw-Hill 0aCourse In Physics For Iit bTata Mcgraw Hill Publishing Company Ltdc1997 a986p